Centesimus Annus: un enfoque universitario. Posibilidades y desafíos para el ámbito legislativo chileno

Bewaard in:
Bibliografische gegevens
Hoofdauteurs: Moltedo Castaño, Claudio Mario (autor), Mendoza C., Jorge (Auteur), Rivas Gutiérrez, Exequiel (Auteur)
Formaat: Boek
Taal:Spaans
Gepubliceerd in: Valparaíso Centro de Estudios y Asistencia Legislativa 1991
Onderwerpen:
Tags: Voeg label toe
Geen labels, Wees de eerste die dit record labelt!

MARC

LEADER 00000nam a2200000 a 4500
001 UCI7185
003 CL-VaPUC
008 080613e19910000CL |||||||||||||||||spa|d
082 0 4 |a 262.91  |b MOL  |2 21 
100 |a Moltedo Castaño, Claudio Mario  |e autor  |9 815379 
700 0 |a Mendoza C., Jorge  |e author  |9 530323 
700 0 |a Rivas Gutiérrez, Exequiel  |e author  |9 530324 
245 1 0 |a Centesimus Annus: un enfoque universitario. Posibilidades y desafíos para el ámbito legislativo chileno 
300 |a 27 p 
942 |c BK 
945 |d 20080613 00:00:00  |a jtorresc 
260 |a Valparaíso  |b Centro de Estudios y Asistencia Legislativa  |c 1991 
650 0 |a Concilios  |9 315984 
650 0 |a Cultura política  |9 257401 
650 0 |a Encíclicas  |9 255643 
650 0 |a Iglesia Católica  |9 256114 
583 |a last modification  |c 20080613 00:00:00  |k Rodrigo Vera 
999 |c 330537  |d 330535 
952 |0 0  |1 0  |4 0  |6 262_910000000000000_MOL_1991  |7 0  |8 A  |9 416124  |a BIBTEO  |b BIBTEO  |d 2019-11-22  |i 4448480  |o 262.91 MOL 1991  |p 4448480  |r 2025-01-17  |w 2019-11-22  |y BK  |k ICR